000 00627nam a22002057a 4500
005 20251108173537.0
008 250721s2005 xx 000 0 ara d
020 _a9773441091
082 1 4 _a362.8/ عبد
100 1 _aعبد الله، عبد المنعم عثمان
245 1 0 _aالعنوسة أسبابها. آثارها .علاجها /
264 1 _aالقاهره :
_bدار الآفاق العربية،
_c2005.
300 _a786ص.
650 1 7 _aالزواج
650 1 7 _aالمشاكل الاجتماعية
650 1 7 _aالمرأة
653 _aالعنوسة
942 _2ddc
_cBK
999 _c106446
_d106446